| 000 | 00727nam a22001937a 4500 | ||
|---|---|---|---|
| 999 |
_c6394 _d6394 |
||
| 003 | AR-CdUCM | ||
| 008 | 190315b ||||| |||| 00| 0 esp d | ||
| 020 | _a968-16-1736-3 | ||
| 040 |
_aMUNICIPALIDAD PROVINCIAL DEL CUSCO _cBIBLIOTECA MUNICIPAL DEL CUSCO |
||
| 082 |
_a869.153 / _bD68 |
||
| 100 |
_aDiaz Miron, Salvador _918197 |
||
| 245 |
_aLa giganta / _cSalvador Díaz Mirón |
||
| 260 |
_aMexico : _bFondo de Cultura Economica _c1984. |
||
| 300 |
_a204 paginas ; _c21 cm. |
||
| 505 | _aA Hidalgo -- Ritmos -- Consonancias -- Victor Hugo -- Copo de nieve -- Voces interiores -- A los héroes sin nombre -- La conmemoración -- Ojos verdes ... | ||
| 650 |
_aPoesía mexicana _914662 |
||
| 942 |
_2ddc _cLIBROS |
||
| 945 | _aacrt | ||